Państwa Afryki w których alkohol jest dozwolony poniżej 18 roku życia - Statystyki

Ogólne statystyki
  • Ten quiz został rozwiązany 34 razy
  • Średni wynik to 6 z 9
Statystyki odpowiedzi
Minimalny dozwolony wiek Państwo % Poprawnych
16 lat Etiopia
85%
16 lat Erytrea
68%
16 lat Burundi
65%
16 lat Uganda
65%
16 lat Dżibuti
62%
16 lat Mali
62%
16 lat Rwanda
62%
16 lat Zimbabwe
62%
16 lat Gwinea Bissau
56%
Nie znaleziono quizów pasujących do podanych kryteriów
Rozkład punktacji
Procent ludzi z każdym wynikiem
Percentyl według liczby udzielonych odpowiedzi
Twoja historia wyników
Nie rozwiązałeś tego quizu